01171cam4a220026500 4500001001200000003000500012005001700017008004100034035001900075035002200094040000900116050002300125100003600148245011100184260003400295490005900329500004800388651016300436700007700599830004600676949008000722949008000802004000600882999001700888tmp15217899UPRA20190815110040.0950717r19671896nyu eng u a(Sirsi) r78645 a(UPRA)tmp15217899 cUPRA 0aDC 106.9.C723 19671 aComines, Phillipe de.6A38448.114aThe history of Comines /cEnglished by Thomas Danett, anno 1596 ; with an introduction by Charles Whibley. aNew York :bAMS Press,c1967.1 aThe Tudor translations, ed. by W.E. Henley ;vv. 17-18 aOriginally published by David Nutt in 1896. 0aFrance -- History -- House of Valois, 1328-1589.xFrance -- History -- House of Valois, 1328-1589.yFrance -- History -- House of Valois, 1328-1589.6S30243.11 aDanett, Thomas, fl. 1566-1601.dDanett, Thomas, fl. 1566-1601.6A38449.1 0aTudor translations ;vvol. 17-18.6S380.1 aDC 106.9.C723 1967vVOL. 1wlcci33729000069216mMAINp2500tBOOKlON-SHELF aDC 106.9.C723 1967vVOL. 2wlcci33729000073564mMAINp2500tBOOKlON-SHELF78645 c68801d68801